Očakávaný populačný vývoj a jeho možné dopady na trh práce a dôchodkový systém na Slovensku
Slovensko prejde v najbližších rokoch pomerne dynamickým starnutím, čo do značnej miery podmieňuje súčasný charakter vekovej štruktúry. Príspevok poukazuje na niektoré hlavné očakávané zmeny v oblasti trhu práce z pohľadu ľudských zdrojov, ktorým bude Slovensko v najbližších dvoch desaťročiach čeliť...
Uložené v:
| Hlavný autor: | |
|---|---|
| Médium: | Kapitola |
| Jazyk: | Slovak |
| Predmet: | |
| Tagy: |
Žiadne tagy, Buďte prvý, kto otaguje tento záznam!
|
MARC
| LEADER | 00000nla a2200000 4500 | ||
|---|---|---|---|
| 001 | 0195261 | ||
| 005 | 20240417075052.2 | ||
| 041 | 0 | |a slo | |
| 044 | |a CZ | ||
| 245 | 1 | 0 | |a Očakávaný populačný vývoj a jeho možné dopady na trh práce a dôchodkový systém na Slovensku |c Branislav Šprocha |
| 520 | |a Slovensko prejde v najbližších rokoch pomerne dynamickým starnutím, čo do značnej miery podmieňuje súčasný charakter vekovej štruktúry. Príspevok poukazuje na niektoré hlavné očakávané zmeny v oblasti trhu práce z pohľadu ľudských zdrojov, ktorým bude Slovensko v najbližších dvoch desaťročiach čeliť. Dôchodkový systém a predpokladaný vývoj jeho zaťaženia vzhľadom na zväčšujúci sa kontingent seniorov. Niektoré teoretické vývojové scenáre, ktoré by mohli vznikajúce dopady zmierniť. | ||
| 610 | 2 | 0 | |a vývoj populačný |
| 610 | 2 | 0 | |a trh práce |
| 610 | 2 | 0 | |a systémy dôchodkové |
| 610 | 2 | 0 | |a Slovensko |
| 610 | 2 | 0 | |a prognózy |
| 100 | 1 | |a Šprocha, Branislav | |